000 01085cam a2200313 a 4500
001 520
005 20230516105736.0
008 021218s2003 nyu c 000 1 eng
020 _a0439435366
040 _aDLC
_cDLC
_dDLC
_dFISKH
_beng
050 0 0 _aPZ7.C6837
_bGr 2003
082 0 0 _a813.6
_221
100 1 _aCollins, Suzanne.
245 1 0 _aGregor the Overlander /
_cSuzanne Collins.
250 _a1st ed.
260 _aNew York :
_bScholastic Press,
_c2003.
300 _a311 pages ;
_c22 cm.
500 _aSequel: Gregor and the prophecy of Bane.
505 _aM
520 _aWhen eleven-year-old Gregor and his two-year-old sister are pulled into a strange underground world, they trigger an epic battle involving men, bats, rats, cockroaches, and spiders while on a quest foretold by ancient prophecy.
521 _a690
_bLexile
521 _aM
_bRaz-Plus
650 1 _aSiblings
_vFiction.
650 1 _aAnimals
_vFiction.
650 1 _aMissing persons
_vFiction.
650 1 _aFantasy.
906 _a7
_bcbc
_corignew
_d1
_eecip
_f20
_gy-gencatlg
942 _2ddc
_cBK
_n0
999 _c520
_d520